000 01015nam a2200253 a 4500
001 BRL_237
005 20190320210640.0
008 280613s1999----mx-a######---#000-0#spa-#
041 _aspa
044 _amx
050 4 _aN6559.V5
_b.Ch33 1999
245 1 0 _aChabela Villaseñor
_bperfil de una época
_cJavier Treviño ... [et al.].
260 _aMéxico
_bSecretaría de Hacienda y Crédito Público
_c1999
300 _a1 v. (sin paginación)
_bil., dibujos
_c23 cm.
500 _aCatálogo de la exposición realizada en el Museo de la Secretaría de Hacienda y Crédito Público, Antiguo Palacio del Arzobispado (Ciudad de México), 17 junio - 26 septiembre, 1999
500 _aEstado físico: Hojas desprendidas
500 _aAu306
504 _aIncluye referencias bibliográficas
600 1 4 _aVillaseñor, Isabel
_d1909-1953
_vExposiciones
_923316
600 1 4 _aVillaseñor, Isabel
_d1909-1953
_xCrítica e interpretación
_923317
700 1 _aTreviño, Javier
_923318
902 _aGRL
942 _2lcc
_cB
999 _c9050
_d9050